Network flows: Theory, Algorithms and applications (Record no. 4514)
[ view plain ]
| 000 -LEADER | |
|---|---|
| fixed length control field | 00706nam a22002537a 4500 |
| 003 - CONTROL NUMBER IDENTIFIER | |
| control field | OSt |
| 005 - DATE AND TIME OF LATEST TRANSACTION | |
| control field | 20220107122756.0 |
| 008 - FIXED-LENGTH DATA ELEMENTS--GENERAL INFORMATION | |
| fixed length control field | 150122b xxu||||| |||| 00| 0 eng d |
| 020 ## - INTERNATIONAL STANDARD BOOK NUMBER | |
| International Standard Book Number | 9789332535152 |
| 040 ## - CATALOGING SOURCE | |
| Transcribing agency | IIITMK |
| 082 ## - DEWEY DECIMAL CLASSIFICATION NUMBER | |
| Classification number | 004.65 AHU/N |
| 100 ## - MAIN ENTRY--PERSONAL NAME | |
| Personal name | Ahuja, Ravindra K. |
| 9 (RLIN) | 6050 |
| 245 ## - TITLE STATEMENT | |
| Title | Network flows: Theory, Algorithms and applications |
| 260 ## - PUBLICATION, DISTRIBUTION, ETC. | |
| Place of publication, distribution, etc. | New Delhi |
| Name of publisher, distributor, etc. | Pearson |
| Date of publication, distribution, etc. | 2014 |
| 300 ## - PHYSICAL DESCRIPTION | |
| Extent | xv, 846p. |
| 650 ## - SUBJECT ADDED ENTRY--TOPICAL TERM | |
| Topical term or geographic name entry element | COMPUTER SCIENCE |
| 9 (RLIN) | 6051 |
| 650 ## - SUBJECT ADDED ENTRY--TOPICAL TERM | |
| Topical term or geographic name entry element | COMPUTATIONAL SCIENCE |
| 9 (RLIN) | 6052 |
| 650 ## - SUBJECT ADDED ENTRY--TOPICAL TERM | |
| Topical term or geographic name entry element | NETWORK FLOW |
| 9 (RLIN) | 6104 |
| 650 ## - SUBJECT ADDED ENTRY--TOPICAL TERM | |
| Topical term or geographic name entry element | NETWORK ARCHITECTURE |
| 9 (RLIN) | 6053 |
| 650 ## - SUBJECT ADDED ENTRY--TOPICAL TERM | |
| Topical term or geographic name entry element | ALGORITHM |
| 9 (RLIN) | 6054 |
| 700 ## - ADDED ENTRY--PERSONAL NAME | |
| Personal name | Magnanti, Thomas L. |
| 9 (RLIN) | 6055 |
| 700 ## - ADDED ENTRY--PERSONAL NAME | |
| Personal name | Orlin, James B. |
| 9 (RLIN) | 6056 |
| 942 ## - ADDED ENTRY ELEMENTS (KOHA) | |
| Source of classification or shelving scheme | Dewey Decimal Classification |
| Koha item type | Books |
| Withdrawn status | Lost status | Source of classification or shelving scheme | Damaged status | Not for loan | Collection code | Home library | Current library | Shelving location | Date acquired | Cost, normal purchase price | Total Checkouts | Full call number | Barcode | Date last seen | Price effective from | Koha item type |
|---|---|---|---|---|---|---|---|---|---|---|---|---|---|---|---|---|
| Dewey Decimal Classification | Computer Network / Data Communication | Kerala University of Digital Sciences, Innovation and Technology Knowledge Centre | Kerala University of Digital Sciences, Innovation and Technology Knowledge Centre | Computer Science | 22/01/2015 | 581.00 | 004.65 AHU/N | 4083 | 03/12/2020 | 22/01/2015 | Books |